Non-African Countries With More Than 10% Black Population - Statistics

General Stats
  • This quiz has been taken 43 times
  • The average score is 18 of 24
Answer Stats
% Of Population Answer % Correct
55% Brazil
95%
95% Haiti
95%
14% United States of America
95%
93% Bahamas
93%
92% Barbados
93%
82% Dominican Republic
93%
90% Jamaica
93%
92.5% St. Kitts & Nevis
93%
66% St. Vincent & the Grenadines
93%
10% Cuba
90%
85.3% St. Lucia
90%
86.8% Dominica
88%
39% Trinidad & Tobago
88%
91% Grenada
86%
30% Guyana
86%
26% Colombia
83%
40% Suriname
83%
12% Venezuela
81%
10% Yemen
43%
10% Saudi Arabia
38%
57% Fiji
36%
94.5% Solomon Islands
29%
99% Vanautu
29%
96% Papau New Guinea
2%
No matching quizzes found
Score Distribution
Percent of People with Each Score
Percentile by Number Answered
Your Score History
You have not taken this quiz